San Francisco. Poema
में बचाया:
| मुख्य लेखक: | |
|---|---|
| स्वरूप: | पुस्तक |
| भाषा: | स्पेनिश फ़्रेंच |
| प्रकाशित: |
Barcelona
José Agustí
1909
|
| विषय: | |
| टैग: |
टैग जोड़ें
कोई टैग नहीं, इस रिकॉर्ड को टैग करने वाले पहले व्यक्ति बनें!
|
MARC
| LEADER | 00000nam a2200000 a 4500 | ||
|---|---|---|---|
| 001 | UCI5100 | ||
| 003 | CL-VaPUC | ||
| 008 | 080314e19090000SP |||||||||||||||||spa|d | ||
| 041 | 0 | 7 | |a spa |2 CL-VaPUC |
| 041 | 0 | 7 | |a fre |2 CL-VaPUC |
| 082 | 0 | 4 | |a 841 |b VER |2 21 |
| 100 | 0 | |a Verdaguer, Mosén Jacinto |e author |9 527197 | |
| 245 | 1 | 0 | |a San Francisco. Poema |
| 300 | |a 293 p | ||
| 942 | |c BK | ||
| 945 | |d 20080314 00:00:00 |a rbrito | ||
| 260 | |a Barcelona |b José Agustí |c 1909 | ||
| 500 | |a Donación Padres Capuchinos | ||
| 650 | 0 | |a Poesías francesas |9 265467 | |
| 583 | |a last modification |c 20080314 00:00:00 |k Rodrigo Vera | ||
| 999 | |c 328863 |d 328861 | ||
| 952 | |0 0 |1 0 |4 0 |6 841_000000000000000_VER_1909 |7 0 |8 X |9 413044 |a FDOBUD |b FDOBUD |d 2019-11-22 |i 4411137 |o 841 VER 1909 |p 4411137 |r 2019-11-22 |w 2019-11-22 |y BK_X |k BUD | ||